| 000 | 00821nam a22001937a 4500 | ||
|---|---|---|---|
| 999 |
_c18572 _d18572 |
||
| 003 | AR-CdUCM | ||
| 008 | 190514b ||||| |||| 00| 0 spa d | ||
| 040 |
_aMUNICIPALIDAD PROVINCIAL DEL CUSCO _cBIBLIOTECA MUNICIPAL DEL CUSCO |
||
| 082 |
_a312 / _bH25 |
||
| 100 |
_aHauser, Philip M.. _939233 |
||
| 245 | _aEl dilema de la población mundial / | ||
| 260 |
_aBuenos Aires : _bTroquel, _c1967. |
||
| 300 |
_a267 páginas ; _c21 cm. |
||
| 505 | _aContenido : Introducción y visión de conjunto -- El crecimiento de la población mundial -- Los recursos de estados unidos y del mundo -- El problema del control de la población -- El crecimiento de la población de los Estados Unidos ... | ||
| 650 |
_aPoblación. _93673 |
||
| 650 |
_aCrecimiento poblacional. _932425 |
||
| 942 |
_2ddc _cLIBROS |
||
| 945 |
_arum _d2019-05-14 |
||